<?xml version="1.0" encoding="UTF-8"?>
<record
    xmlns:xsi="http://www.w3.org/2001/XMLSchema-instance"
    xsi:schemaLocation="http://www.loc.gov/MARC21/slim http://www.loc.gov/standards/marcxml/schema/MARC21slim.xsd"
    xmlns="http://www.loc.gov/MARC21/slim">

  <leader>00654nam a22001337a 4500</leader>
  <controlfield tag="008">180718b        xxu||||| |||| 00| 0 eng d</controlfield>
  <datafield tag="082" ind1=" " ind2=" ">
    <subfield code="a">759.6</subfield>
    <subfield code="b">P471j</subfield>
  </datafield>
  <datafield tag="100" ind1=" " ind2=" ">
    <subfield code="a">Perucho, Juan</subfield>
    <subfield code="9">6539</subfield>
  </datafield>
  <datafield tag="245" ind1=" " ind2=" ">
    <subfield code="a">Joan Mir&#xF3; y Catalu&#xF1;a</subfield>
  </datafield>
  <datafield tag="260" ind1=" " ind2=" ">
    <subfield code="a">Barcelona, Espa&#xF1;a</subfield>
    <subfield code="b">Ediciones Poligrafa S.A.</subfield>
    <subfield code="c">s.f.</subfield>
  </datafield>
  <datafield tag="300" ind1=" " ind2=" ">
    <subfield code="a">273 p.</subfield>
    <subfield code="b">ill (col)</subfield>
    <subfield code="c">26 x 27 cm</subfield>
  </datafield>
  <datafield tag="505" ind1=" " ind2=" ">
    <subfield code="t">En el origen de lo creado</subfield>
    <subfield code="t">Ra&#xED;z y esencia del arte de Joan Mir&#xF3;</subfield>
    <subfield code="t">Obra pict&#xF3;rica</subfield>
    <subfield code="t">Murales</subfield>
    <subfield code="t">Escultor y ceramista</subfield>
    <subfield code="t">Internacionalidad de Joan Mir&#xF3;</subfield>
    <subfield code="t">Cronolog&#xED;a biogr&#xE1;fica de Joan Mir&#xF3;</subfield>
    <subfield code="t">&#xCD;ndice de obras</subfield>
    <subfield code="t">Bibliograf&#xED;a sumaria</subfield>
  </datafield>
  <datafield tag="650" ind1=" " ind2=" ">
    <subfield code="2">Arte moderno</subfield>
    <subfield code="x">Arte - pintura</subfield>
    <subfield code="x">Pintores espa&#xF1;oles</subfield>
    <subfield code="z">Arte - Espa&#xF1;a</subfield>
    <subfield code="9">6540</subfield>
  </datafield>
  <datafield tag="999" ind1=" " ind2=" ">
    <subfield code="c">1557</subfield>
    <subfield code="d">1557</subfield>
  </datafield>
  <datafield tag="952" ind1=" " ind2=" ">
    <subfield code="0">0</subfield>
    <subfield code="1">0</subfield>
    <subfield code="2">ddc</subfield>
    <subfield code="4">0</subfield>
    <subfield code="7">0</subfield>
    <subfield code="a">LV</subfield>
    <subfield code="b">LV</subfield>
    <subfield code="c">Monograf&#xED;as</subfield>
    <subfield code="d">2018-07-18</subfield>
    <subfield code="l">0</subfield>
    <subfield code="o">759.6 P471j</subfield>
    <subfield code="p">001074</subfield>
    <subfield code="r">2018-07-18 00:00:00</subfield>
    <subfield code="w">2018-07-18</subfield>
    <subfield code="y">01</subfield>
  </datafield>
</record>
